000
00314nam a2200121Ia 4500
008
231017s9999 xx 000 0 und d
082
_a
307.1216097
245
0
_a
City Making: Building Communities without Building Walls
245
0
_c
Gerald E. Frug
260
_b
Gerald E. Frug
300
_c
30cm
942
_c
REP
999
_c
603464
_d
603464